| 000 | 00655nam a2200241 a 4500 | ||
|---|---|---|---|
| 001 | 0001-1023 | ||
| 003 | ELIB.Books | ||
| 008 | 141030 2010 eng | ||
| 020 | _a1565631072 | ||
| 035 | _a(ELIB.Books)0001-1177 | ||
| 092 |
_a291 _bWat |
||
| 100 | _aWater, Mark | ||
| 245 |
_aWorld Religions Made Easy: _bAn Easy to Understand Pocket Reference Guide |
||
| 260 |
_aMassachusetts _bHendrickson Publishers, Inc. _c1999 |
||
| 300 |
_a64 _c20.3 Cm |
||
| 500 | _aLibrary | ||
| 650 | _aWorld Religion | ||
| 856 |
_nKBTS; Library _uKBTS; Elib. |
||
| 942 |
_2ddc _cBK |
||
| 990 | _a2 | ||
| 998 |
_cbat _e2014-10-30 |
||
| 999 |
_c11023 _d11023 |
||